[Event "12. Open Internacional Málaga"]
[Site "Malaga ESP"]
[Date "2009.07.18"]
[Round "9.10"]
[White "Kurajica, Bojan"]
[Black "Claros Egea, Christian"]
[Result "1-0"]
[WhiteElo "2524"]
[BlackElo "2281"]
[PlyCount "55"]
[EventDate "2009.07.11"]
[EventType "swiss"]
[EventRounds "9"]
[EventCountry "ESP"]
[Source "lmi"]
[SourceDate "2009.07.11"]

1. d4 d5 2. Nf3 Nf6 3. c4 e6 4. Qc2 c6 5. Nbd2 Nbd7 6. g3 Bd6 7. Bg2 O-O 8. O-O
e5 9. cxd5 cxd5 10. dxe5 Nxe5 11. Nxe5 Bxe5 12. Nf3 Bd6 13. Rd1 h6 14. Be3 Bd7
15. Bd4 Be6 16. Ne1 Nd7 17. Qb3 Nc5 18. Bxc5 Bxc5 19. Bxd5 Bxd5 20. Rxd5 Qe7
21. Nd3 Bb6 22. Ne5 Rfe8 23. e3 Rac8 24. Rad1 Qc7 25. Nf3 Re7 26. Nh4 Qc2 27.
Nf5 Rec7 28. Qxc2 1-0

[Event "12. Open Internacional Málaga"]
[Site "Malaga ESP"]
[Date "2009.07.18"]
[Round "9.11"]
[White "Gavilan Diaz, Mario"]
[Black "Fernandez Romero, Ernesto"]
[Result "0-1"]
[WhiteElo "2280"]
[BlackElo "2461"]
[PlyCount "128"]
[EventDate "2009.07.11"]
[EventType "swiss"]
[EventRounds "9"]
[EventCountry "ESP"]
[Source "lmi"]
[SourceDate "2009.07.11"]

1. d4 c5 2. d5 e5 3. c4 d6 4. Nc3 Nf6 5. e4 g6 6. Nf3 Bg7 7. Bd3 O-O 8. O-O Na6
9. a3 Ne8 10. Bg5 f6 11. Bh4 Qe7 12. Rb1 Qf7 13. Nd2 f5 14. f3 h5 15. b4 Bh6
16. Bf2 b6 17. b5 Nac7 18. a4 Nf6 19. a5 Bd7 20. Ra1 Kh8 21. Qc2 f4 22. axb6
axb6 23. Rxa8 Rxa8 24. Qb2 g5 25. Ra1 Qg8 26. Rxa8 Qxa8 27. Qa2 Qb8 28. Kh1 Bf8
29. Qa1 Be7 30. g3 Nh7 31. Qb1 Nf8 32. Be2 Ne8 33. g4 Nf6 34. h3 Ng6 35. Qa1
Kg7 36. Kg2 Bd8 37. Nb3 Bc7 38. Qb1 Nh8 39. Qh1 Nf7 40. Qa1 Nh6 41. Qd1 hxg4
42. hxg4 Qa8 43. Kh3 Qf8 44. Kg2 Qc8 45. Kh3 Nf7 46. Kg2 Nh8 47. Kh3 Ng6 48.
Kg2 Nh4+ 49. Kg1 Qf8 50. Qf1 Ng6 51. Kg2 Qh8 52. Qe1 Bxg4 53. fxg4 f3+ 54. Kxf3
Qh3+ 55. Bg3 Nf4 56. Kf2 Qg2+ 57. Ke3 Nxe2 58. Nxe2 Qxe4+ 59. Kd2 Qxc4 60. Nbc1
Nxd5 61. Bf2 Qxb5 62. Kd1 Qa4+ 63. Kd2 b5 64. Qh1 Ba5+ 0-1

[Event "12. Open Internacional Málaga"]
[Site "Malaga ESP"]
[Date "2009.07.18"]
[Round "9.14"]
[White "Nava Baro, Enrique"]
[Black "Quillan, Gary"]
[Result "0-1"]
[WhiteElo "2201"]
[BlackElo "2405"]
[PlyCount "88"]
[EventDate "2009.07.11"]
[EventType "swiss"]
[EventRounds "9"]
[EventCountry "ESP"]
[Source "lmi"]
[SourceDate "2009.07.11"]

1. e4 e6 2. d4 d5 3. Nc3 Bb4 4. Nge2 dxe4 5. a3 Bxc3+ 6. Nxc3 Nc6 7. Bb5 Nge7
8. Bg5 f6 9. Be3 O-O 10. Qd2 f5 11. O-O-O Ng6 12. Bg5 Qd6 13. h4 Nce7 14. h5
Nh8 15. Bf4 Qb6 16. Bc4 Qc6 17. Bb5 Qb6 18. Bc4 c6 19. h6 g6 20. g4 Nd5 21. Be5
Qd8 22. f3 b5 23. fxe4 bxc4 24. gxf5 Nxc3 25. Qxc3 exf5 26. Rdg1 fxe4 27. d5
Rf3 28. Qb4 Rf5 29. Bxh8 Kxh8 30. dxc6 Be6 31. Rd1 Qf8 32. Qb7 Rf7 33. c7 Rc8
34. Qxe4 Bf5 35. Qe5+ Kg8 36. Rd6 Rfxc7 37. Rf6 Rf7 38. Qd5 Rc5 39. Rxf7 Rxd5
40. Rxf8+ Kxf8 41. Rh4 Rc5 42. Kd2 Ke7 43. Kc3 g5 44. Rh1 Kf6 0-1

[Event "12. Open Internacional Málaga"]
[Site "Malaga ESP"]
[Date "2009.07.18"]
[Round "9.15"]
[White "Cruz Ravina, Francisco Javier"]
[Black "Bermejo Martinez, Jorge"]
[Result "1-0"]
[WhiteElo "2345"]
[BlackElo "2240"]
[PlyCount "38"]
[EventDate "2009.07.11"]
[EventType "swiss"]
[EventRounds "9"]
[EventCountry "ESP"]
[Source "lmi"]
[SourceDate "2009.07.11"]

1. e4 g6 2. d4 Bg7 3. Nf3 d6 4. Bc4 a6 5. a4 b6 6. Qe2 e6 7. Nc3 h6 8. h4 Nd7
9. Bf4 Bb7 10. Rd1 Ne7 11. Rh3 O-O 12. h5 g5 13. Nxg5 hxg5 14. Bxg5 Kh7 15. e5
f6 16. Qd3+ Nf5 17. h6 fxg5 18. Bxe6 Bxh6 19. Bxf5+ Rxf5 1-0

[Event "12. Open Internacional Málaga"]
[Site "Malaga ESP"]
[Date "2009.07.18"]
[Round "9.16"]
[White "Gutierrez Castillo, Paloma"]
[Black "Cruz Alvarez de Ron, Dan"]
[Result "0-1"]
[WhiteElo "2132"]
[BlackElo "2284"]
[PlyCount "84"]
[EventDate "2009.07.11"]
[EventType "swiss"]
[EventRounds "9"]
[EventCountry "ESP"]
[Source "lmi"]
[SourceDate "2009.07.11"]

1. e4 g6 2. d4 Bg7 3. c3 d6 4. Bd3 Nd7 5. Nf3 e6 6. O-O Ne7 7. Bf4 b6 8. e5 d5
9. Nbd2 c5 10. h4 h6 11. h5 g5 12. Nxg5 hxg5 13. Bxg5 f6 14. h6 fxg5 15. Qh5+
Kf8 16. hxg7+ Kxg7 17. Qxg5+ Kf7 18. Qf4+ Ke8 19. Qg4 Nf8 20. f4 Nf5 21. Bxf5
exf5 22. Qf3 Be6 23. dxc5 bxc5 24. Nb3 Nd7 25. Rad1 Rc8 26. Rxd5 Bxd5 27. Qxd5
Nf8 28. Qc4 Qh4 29. Qa4+ Kf7 30. Qxa7+ Kg8 31. Qa4 c4 32. Nd4 Qh2+ 33. Kf2
Qxf4+ 34. Kg1 Qe3+ 35. Rf2 Qe1+ 36. Rf1 Rh1+ 37. Kxh1 Qxf1+ 38. Kh2 Rc7 39. Qa8
Rh7+ 40. Kg3 Rg7+ 41. Kh2 f4 42. Qd5+ Kh8 0-1

[Event "12. Open Internacional Málaga"]
[Site "Malaga ESP"]
[Date "2009.07.18"]
[Round "9.18"]
[White "Charleshouse, Glenn L"]
[Black "Valmana Canto, Jaime"]
[Result "0-1"]
[WhiteElo "2175"]
[BlackElo "2348"]
[PlyCount "70"]
[EventDate "2009.07.11"]
[EventType "swiss"]
[EventRounds "9"]
[EventCountry "ESP"]
[Source "lmi"]
[SourceDate "2009.07.11"]

1. e4 e6 2. d3 c5 3. Nf3 Nc6 4. g3 g6 5. Bg2 Bg7 6. O-O Nge7 7. c3 d5 8. Nbd2
O-O 9. Re1 e5 10. a4 d4 11. Nc4 Be6 12. Qc2 h6 13. Bd2 Rc8 14. cxd4 cxd4 15. b4
a6 16. a5 Na7 17. Rec1 f5 18. Ne1 f4 19. Qb2 Nb5 20. Nf3 Nc6 21. Nb6 Rc7 22.
Rc5 Rcf7 23. Nh4 Kh7 24. Nd5 f3 25. Bf1 g5 26. Nf5 Rxf5 27. exf5 Bxd5 28. g4
Bf6 29. Bh3 Be7 30. Rcc1 Qd6 31. Rab1 Bd8 32. Kh1 e4 33. Rg1 e3 34. Be1 Bc7 35.
Rg3 Ne5 0-1

[Event "12. Open Internacional Málaga"]
[Site "Malaga ESP"]
[Date "2009.07.18"]
[Round "9.19"]
[White "Gutierrez Jimenez, Juan Manuel"]
[Black "Garcia Albarracin, Jose Antonio"]
[Result "1-0"]
[WhiteElo "2287"]
[BlackElo "2024"]
[PlyCount "79"]
[EventDate "2009.07.11"]
[EventType "swiss"]
[EventRounds "9"]
[EventCountry "ESP"]
[Source "lmi"]
[SourceDate "2009.07.11"]

1. e4 d5 2. exd5 Nf6 3. c4 c6 4. dxc6 Nxc6 5. Nc3 Bf5 6. Nf3 e5 7. d3 Bc5 8.
Be2 O-O 9. a3 Nd4 10. Nxd4 Bxd4 11. Nb5 Bb6 12. O-O Qd7 13. Bg5 Rad8 14. Qb3
Bxd3 15. Bxf6 gxf6 16. Rad1 e4 17. Bxd3 exd3 18. Nc3 Qc6 19. Nd5 Rfe8 20. Rxd3
Re4 21. Rf3 Bd4 22. Rf4 Rde8 23. Rxe4 Rxe4 24. Qd3 Qe6 25. b3 f5 26. g3 h6 27.
Kg2 b5 28. Qf3 bxc4 29. bxc4 Be5 30. Rc1 Bb2 31. Rc2 Bg7 32. h3 Qe5 33. Rc3 Re1
34. Re3 Qa1 35. Rxe1 Qxe1 36. Qxf5 Qe2 37. c5 Qb5 38. c6 Qxc6 39. Kh2 Kh8 40.
Qxf7 1-0

[Event "12. Open Internacional Málaga"]
[Site "Malaga ESP"]
[Date "2009.07.18"]
[Round "9.20"]
[White "Eyo Castro Rial, Alberto"]
[Black "Ladron De Guevara Pinto, Paolo"]
[Result "1-0"]
[WhiteElo "2196"]
[BlackElo "2020"]
[PlyCount "87"]
[EventDate "2009.07.11"]
[EventType "swiss"]
[EventRounds "9"]
[EventCountry "ESP"]
[Source "lmi"]
[SourceDate "2009.07.11"]

1. e4 e6 2. d4 d5 3. Nc3 Nf6 4. e5 Nfd7 5. f4 c5 6. Nf3 Nc6 7. Be3 Be7 8. Qd2
O-O 9. dxc5 Nxc5 10. Qf2 Nd7 11. g3 a6 12. Bh3 b5 13. O-O Qc7 14. Rae1 Na5 15.
f5 Kh8 16. Nd4 b4 17. fxe6 bxc3 18. exd7 Bxd7 19. Bxd7 Qxd7 20. b3 Nc6 21. Qf5
Qxf5 22. Rxf5 Nxd4 23. Bxd4 Rac8 24. e6 fxe6 25. Rxf8+ Bxf8 26. Rxe6 a5 27. Kf2
Kg8 28. Ra6 Bb4 29. Ra7 Rf8+ 30. Ke2 Rf7 31. Ra8+ Rf8 32. Rxf8+ Kxf8 33. Kd3
Be7 34. Bxc3 Bd8 35. Be5 Bb6 36. Bd4 Bc7 37. c4 dxc4+ 38. Kxc4 g5 39. Bf6 h6
40. Kb5 Kf7 41. Bc3 Kg6 42. Bxa5 Be5 43. Bb6 Kf5 44. a4 1-0

[Event "12. Open Internacional Málaga"]
[Site "Malaga ESP"]
[Date "2009.07.18"]
[Round "9.21"]
[White "Cuenca Jimenez, Francisco Javier"]
[Black "Roman Lopez, Jesus"]
[Result "1-0"]
[WhiteElo "2174"]
[BlackElo "1892"]
[PlyCount "102"]
[EventDate "2009.07.11"]
[EventType "swiss"]
[EventRounds "9"]
[EventCountry "ESP"]
[Source "lmi"]
[SourceDate "2009.07.11"]

1. c4 Nf6 2. g3 c6 3. Nf3 d5 4. b3 Qb6 5. Bg2 e5 6. O-O e4 7. Ne1 Bc5 8. Nc3
Qd8 9. d4 Bb4 10. Bb2 O-O 11. Nc2 Bxc3 12. Bxc3 Be6 13. cxd5 Nxd5 14. Bb4 Nxb4
15. Nxb4 Qd6 16. Qd2 f5 17. f3 a5 18. Nc2 exf3 19. Bxf3 a4 20. b4 Nd7 21. a3
Rad8 22. Qf4 Qxf4 23. gxf4 Nb6 24. e3 Bb3 25. Ne1 Nc4 26. Ng2 Rfe8 27. Kf2 Rd6
28. Rfe1 Nd2 29. Rac1 Nc4 30. Ra1 Rh6 31. h4 Nd2 32. Rac1 Nxf3 33. Kxf3 Bd5+
34. Kf2 Bxg2 35. Kxg2 Rxh4 36. Kg3 Rh6 37. Rc5 Rhe6 38. Kf3 g6 39. b5 h5 40.
bxc6 bxc6 41. Ra5 h4 42. Rxa4 h3 43. Rc4 h2 44. Rc3 Re4 45. Rh1 Kg7 46. Rxh2
R4e6 47. a4 Kf6 48. a5 Ra8 49. Ra2 g5 50. fxg5+ Kxg5 51. a6 Rh6 1-0

[Event "12. Open Internacional Málaga"]
[Site "Malaga ESP"]
[Date "2009.07.18"]
[Round "9.24"]
[White "Montero Melendrez, Rafael"]
[Black "Vinas Guerrero, Carlos A"]
[Result "1/2-1/2"]
[WhiteElo "2249"]
[BlackElo "2104"]
[PlyCount "82"]
[EventDate "2009.07.11"]
[EventType "swiss"]
[EventRounds "9"]
[EventCountry "ESP"]
[Source "lmi"]
[SourceDate "2009.07.11"]

1. d4 f5 2. Nc3 Nf6 3. Bg5 d5 4. Bxf6 exf6 5. e3 Be6 6. Bd3 Nc6 7. a3 Qd7 8.
Qf3 g6 9. Nge2 O-O-O 10. Bb5 a6 11. Ba4 g5 12. Nc1 f4 13. Bxc6 Qxc6 14. exf4
Re8 15. N1e2 Bd6 16. O-O-O b5 17. f5 Bf7 18. Kb1 Kd7 19. h4 h6 20. hxg5 hxg5
21. Rxh8 Rxh8 22. g4 a5 23. Rh1 Rxh1+ 24. Qxh1 b4 25. axb4 axb4 26. Na2 Qb5 27.
Nac1 c5 28. dxc5 Qxc5 29. Qf3 Qc4 30. b3 Qe4 31. Qxe4 dxe4 32. c4 Be5 33. Kc2
Kd6 34. Ng3 Bxg3 35. fxg3 Kc5 36. Kd2 Bxc4 37. bxc4 Kxc4 38. Ke3 b3 39. Nxb3
Kxb3 40. Kxe4 Kc4 41. Ke3 Kc3 1/2-1/2

[Event "12. Open Internacional Málaga"]
[Site "Malaga ESP"]
[Date "2009.07.18"]
[Round "9.25"]
[White "Guerreiro, Nuno"]
[Black "Naranjo Moreno, Antonio"]
[Result "0-1"]
[WhiteElo "2095"]
[BlackElo "2244"]
[PlyCount "68"]
[EventDate "2009.07.11"]
[EventType "swiss"]
[EventRounds "9"]
[EventCountry "ESP"]
[Source "lmi"]
[SourceDate "2009.07.11"]

1. a3 e5 2. Nc3 Nf6 3. Nf3 e4 4. Ng5 d5 5. d3 h6 6. Nh3 Bxh3 7. gxh3 exd3 8.
Qxd3 c6 9. Bf4 Nbd7 10. O-O-O Qb6 11. h4 Nc5 12. Qf5 Be7 13. h5 Ne6 14. Be5 Nd7
15. e4 d4 16. Ne2 Nxe5 17. Qxe5 d3 18. Rxd3 Bf6 19. Qf5 Qxb2+ 20. Kd2 Qe5 21.
Bh3 Nc5 22. Qxe5+ Bxe5 23. Re3 Rd8+ 24. Kc1 O-O 25. Rg1 Bxh2 26. Rg2 Be5 27.
Bf5 Ne6 28. Rg4 Bd4 29. Rf3 Be5 30. Rb3 Nc5 31. Re3 Na4 32. f4 Bb2+ 33. Kb1
Rd1+ 34. Ka2 Ra1+ 0-1

[Event "12. Open Internacional Málaga"]
[Site "Malaga ESP"]
[Date "2009.07.18"]
[Round "9.28"]
[White "Weber, Francois"]
[Black "Dominguez Garcia, Juan Antonio"]
[Result "0-1"]
[WhiteElo "2164"]
[BlackElo "1984"]
[PlyCount "52"]
[EventDate "2009.07.11"]
[EventType "swiss"]
[EventRounds "9"]
[EventCountry "ESP"]
[Source "lmi"]
[SourceDate "2009.07.11"]

1. e4 e5 2. d4 exd4 3. Qxd4 d6 4. Nc3 Nf6 5. Bg5 Be7 6. O-O-O Nc6 7. Bb5 O-O 8.
Bxc6 bxc6 9. Qc4 Bd7 10. f3 c5 11. e5 Ne8 12. Bf4 Be6 13. Qe4 Bg5 14. Bxg5
Qxg5+ 15. f4 Qd8 16. f5 Qg5+ 17. Kb1 d5 18. Nxd5 Bxd5 19. Rxd5 c4 20. Nh3 Qe7
21. Qxc4 Rb8 22. Rhd1 c6 23. Qxc6 Nc7 24. Rc5 Rfc8 25. Qd6 Rd8 26. Rxc7 Qxc7
0-1

[Event "12. Open Internacional Málaga"]
[Site "Malaga ESP"]
[Date "2009.07.18"]
[Round "9.30"]
[White "Yeo, Michael J"]
[Black "Ortega Gonzalez, Jose Luis"]
[Result "1-0"]
[WhiteElo "2136"]
[BlackElo "1867"]
[PlyCount "137"]
[EventDate "2009.07.11"]
[EventType "swiss"]
[EventRounds "9"]
[EventCountry "ESP"]
[Source "lmi"]
[SourceDate "2009.07.11"]

1. e4 e6 2. d4 d5 3. Nc3 c6 4. e5 c5 5. Nf3 Nc6 6. Bb5 a6 7. Bxc6+ bxc6 8. O-O
cxd4 9. Qxd4 c5 10. Qf4 h6 11. Bd2 Ne7 12. Rad1 Ng6 13. Qg3 Be7 14. Ne2 O-O 15.
Nf4 Nxf4 16. Bxf4 Kh7 17. h3 Bd7 18. Bc1 Qa5 19. Nh2 Qa4 20. Qd3+ Kh8 21. b3
Qh4 22. g4 Bb5 23. c4 dxc4 24. bxc4 Bc6 25. Qe3 h5 26. Qg3 Qxg3+ 27. fxg3 hxg4
28. Nxg4 Rab8 29. Ba3 Kg8 30. Nf2 Rfd8 31. Rxd8+ Rxd8 32. Rd1 Rxd1+ 33. Nxd1
Be4 34. Bc1 Bb1 35. a3 Kf8 36. h4 Ke8 37. Kf2 Kd7 38. h5 Bc2 39. Nb2 Bd8 40.
Bd2 Bc7 41. Bc3 Bd8 42. Ke2 Bf5 43. Nd3 Kc6 44. Nf2 Bg5 45. Bd2 Bd8 46. g4 Bb1
47. g5 Bf5 48. h6 gxh6 49. gxh6 Bc7 50. Nd3 Bd8 51. Ne1 f6 52. Nf3 Kd7 53. Be3
Kc6 54. Bf4 Bh7 55. Ke3 Kd7 56. Nd2 fxe5 57. Bxe5 Bg5+ 58. Bf4 Be7 59. Ne4 Kc6
60. Be5 Kd7 61. Kf4 Kc6 62. Ng5 Bxg5+ 63. Kxg5 Kb6 64. Bc3 e5 65. Kf6 e4 66.
Kg7 Bf5 67. h7 Bxh7 68. Kxh7 Kc6 69. Kg6 1-0

[Event "12. Open Internacional Málaga"]
[Site "Malaga ESP"]
[Date "2009.07.18"]
[Round "9.31"]
[White "Flores Chico, Jorge"]
[Black "Jimenez Capilla, Martin R"]
[Result "0-1"]
[WhiteElo "2108"]
[BlackElo "1984"]
[PlyCount "102"]
[EventDate "2009.07.11"]
[EventType "swiss"]
[EventRounds "9"]
[EventCountry "ESP"]
[Source "lmi"]
[SourceDate "2009.07.11"]

1. e4 c5 2. Nf3 d6 3. d4 cxd4 4. Nxd4 Nf6 5. Nc3 g6 6. Be3 Bg7 7. f3 O-O 8. Qd2
Nc6 9. g4 Nxd4 10. Bxd4 Be6 11. g5 Nh5 12. Bxg7 Nxg7 13. h4 Qa5 14. Be2 Nh5 15.
f4 Ng3 16. Rg1 Nxe2 17. Qxe2 Rac8 18. Rg3 b5 19. Qd2 b4 20. Ne2 Rc4 21. Nd4
Rfc8 22. h5 Qc5 23. Rd3 Bg4 24. hxg6 hxg6 25. b3 Rxd4 26. Rxd4 e5 27. fxe5 dxe5
28. Rd8+ Kg7 29. Kf1 Bh3+ 30. Ke2 Rxd8 31. Qxd8 Qxc2+ 32. Qd2 Qxe4+ 33. Qe3
Qg2+ 34. Kd3 Qb2 35. Rc1 Be6 36. Rc5 Qxa2 37. Qxe5+ Kh7 38. Qe1 Qxb3+ 39. Ke4
Qh3 40. Ke5 Qf5+ 41. Kd6 Qd3+ 42. Ke5 Qf5+ 43. Kd6 Qf4+ 44. Ke7 Qb8 45. Qh4+
Kg8 46. Kf6 Qd6 47. Rc6 Qxc6 48. Qh6 Qc3+ 49. Ke7 Qc7+ 50. Kf6 Qd8+ 51. Ke5 b3
0-1

[Event "12. Open Internacional Málaga"]
[Site "Malaga ESP"]
[Date "2009.07.18"]
[Round "9.32"]
[White "Ramos Moreno, Francisco Jose"]
[Black "Jimenez Capilla, Jose Alfonso"]
[Result "1-0"]
[WhiteElo "2103"]
[BlackElo "2023"]
[PlyCount "79"]
[EventDate "2009.07.11"]
[EventType "swiss"]
[EventRounds "9"]
[EventCountry "ESP"]
[Source "lmi"]
[SourceDate "2009.07.11"]

1. e3 g6 2. b3 Bg7 3. Nc3 Nf6 4. Bb2 O-O 5. g4 e5 6. g5 Ne8 7. h4 c6 8. Bh3 d5
9. Bxc8 Qxc8 10. Qe2 Nd6 11. O-O-O b5 12. h5 Nd7 13. Qg4 f5 14. Qh4 Re8 15.
Nge2 Nf8 16. d4 e4 17. Nf4 Qb7 18. hxg6 hxg6 19. Rh3 a5 20. Rdh1 Kf7 21. Qg3
Rad8 22. Qh2 Re7 23. Rh8 Bxh8 24. Qxh8 Ne8 25. Ba3 b4 26. Na4 Ng7 27. Nc5 Qb8
28. Bb2 Nfe6 29. Nxg6 Nxc5 30. Qh7 Re6 31. Ne5+ Rxe5 32. g6+ Ke8 33. Qxg7 Re7
34. Qf6 Ne6 35. Rh7 Rxh7 36. gxh7 Kd7 37. Qf7+ Kd6 38. c4 Rd7 39. Qxf5 Rxh7 40.
Qe5+ 1-0

[Event "12. Open Internacional Málaga"]
[Site "Malaga ESP"]
[Date "2009.07.18"]
[Round "9.38"]
[White "Corrales Ibanez, Pedro Luis"]
[Black "Hulligan, Steve"]
[Result "1-0"]
[WhiteElo "2010"]
[BlackElo "1860"]
[PlyCount "49"]
[EventDate "2009.07.11"]
[EventType "swiss"]
[EventRounds "9"]
[EventCountry "ESP"]
[Source "lmi"]
[SourceDate "2009.07.11"]

1. e4 e6 2. d4 d5 3. Nd2 Nf6 4. e5 Nfd7 5. Bd3 c5 6. c3 Nc6 7. Ne2 cxd4 8. cxd4
f6 9. Nf4 Nxd4 10. Qh5+ Ke7 11. Ng6+ hxg6 12. exf6+ Nxf6 13. Qxh8 Kf7 14. Qh4
Qb6 15. Qg5 Bb4 16. Bxg6+ Kg8 17. O-O Bd7 18. Bd3 Re8 19. Nf3 Nxf3+ 20. gxf3 e5
21. Kh1 e4 22. fxe4 Ng4 23. Qxd5+ Be6 24. Qb5 Qd6 25. Qxe8+ 1-0

[Event "12. Open Internacional Málaga"]
[Site "Malaga ESP"]
[Date "2009.07.18"]
[Round "9.39"]
[White "Garzon Rodriguez, Jose Manuel"]
[Black "Palomo Leon, Juan Antonio"]
[Result "1/2-1/2"]
[WhiteElo "1905"]
[BlackElo "1980"]
[PlyCount "81"]
[EventDate "2009.07.11"]
[EventType "swiss"]
[EventRounds "9"]
[EventCountry "ESP"]
[Source "lmi"]
[SourceDate "2009.07.11"]

1. e4 c6 2. d4 d5 3. Nd2 dxe4 4. Nxe4 Nd7 5. Nf3 Ngf6 6. Ng3 e6 7. Bd3 c5 8.
O-O cxd4 9. Nxd4 Bc5 10. c3 O-O 11. b4 Bb6 12. Bg5 Qc7 13. Qf3 Ne5 14. Qe3 Nd5
15. Qe4 Nxd3 16. Qxd3 Qxc3 17. Qxc3 Nxc3 18. Nf3 f6 19. Bd2 Nd5 20. a4 Bd7 21.
a5 Bc7 22. Ne4 b6 23. Rfc1 f5 24. Nc3 Rfc8 25. Ne2 Bd6 26. Rxc8+ Rxc8 27. axb6
axb6 28. Ra7 Rc7 29. Ra8+ Kf7 30. Ng5+ Kg6 31. h4 h6 32. h5+ Kf6 33. Nh7+ Kf7
34. Rd8 Be7 35. Ra8 Rc2 36. Nf4 Rxd2 37. Ng6 Rd1+ 38. Kh2 Bd6+ 39. g3 Nf6 40.
Nh8+ Ke7 41. Ng6+ 1/2-1/2

[Event "12. Open Internacional Málaga"]
[Site "Malaga ESP"]
[Date "2009.07.18"]
[Round "9.41"]
[White "Escalante Ortega, Fernando"]
[Black "Dominguez Garcia, Francisco"]
[Result "0-1"]
[WhiteElo "1865"]
[BlackElo "1956"]
[PlyCount "112"]
[EventDate "2009.07.11"]
[EventType "swiss"]
[EventRounds "9"]
[EventCountry "ESP"]
[Source "lmi"]
[SourceDate "2009.07.11"]

1. e4 d5 2. exd5 Nf6 3. d4 Bg4 4. Nf3 Qxd5 5. Be2 Nc6 6. Be3 O-O-O 7. Nbd2 Qf5
8. h3 Bxf3 9. Bxf3 Nxd4 10. Bxd4 Rxd4 11. O-O Qd7 12. c3 Rxd2 13. Qb3 c6 14.
Rad1 e6 15. Qa4 Bc5 16. Bxc6 Qxc6 17. Qxc6+ bxc6 18. Rxd2 Rd8 19. Re2 Kc7 20.
b4 Be7 21. Rc1 Nd5 22. a3 Nf4 23. Rec2 Rd3 24. Kh2 Bf6 25. g3 Ng6 26. a4 Ne5
27. c4 Ra3 28. a5 Nf3+ 29. Kg2 Nd4 30. Rd2 Bg5 31. f4 Bf6 32. Rb1 Nf5 33. b5
Ne3+ 34. Kh1 Nxc4 35. Rc2 Nxa5 36. Kg2 Rc3 37. Rxc3 Bxc3 38. Rc1 Bd4 39. Kf3 c5
40. Ke4 Nb3 41. Rc2 Kb6 42. Ra2 Na5 43. g4 Kxb5 44. h4 Nc6 45. h5 a5 46. g5 a4
47. f5 exf5+ 48. Kxf5 Nb4 49. Ra3 Bb2 50. Re3 a3 51. Re7 a2 52. Rxf7 a1=Q 53.
g6 hxg6+ 54. hxg6 Qb1+ 55. Kg5 Bc1+ 56. Kh5 Qd3 0-1

[Event "12. Open Internacional Málaga"]
[Site "Malaga ESP"]
[Date "2009.07.18"]
[Round "9.43"]
[White "Fernandez Garcia, Francisco"]
[Black "Antunez Munoz, Juan Jesus"]
[Result "1-0"]
[WhiteElo "1913"]
[BlackElo "1699"]
[PlyCount "87"]
[EventDate "2009.07.11"]
[EventType "swiss"]
[EventRounds "9"]
[EventCountry "ESP"]
[Source "lmi"]
[SourceDate "2009.07.11"]

1. e4 c5 2. Nf3 g6 3. d4 cxd4 4. Nxd4 Nc6 5. Nc3 Bg7 6. Be3 Nf6 7. Bc4 Qa5 8.
O-O O-O 9. a3 d6 10. h3 Bd7 11. Rb1 Rfc8 12. Nb3 Qd8 13. Bd5 e6 14. Bc4 Ne5 15.
Be2 Qe7 16. f4 Nc4 17. Bf2 Nxb2 18. Rxb2 Rxc3 19. Bh4 Qf8 20. Bxf6 Bxf6 21. e5
Bg7 22. Na5 b6 23. Nb7 d5 24. Nd6 Rxa3 25. c4 Bc6 26. Bf3 Rd8 27. Rb1 Ra5 28.
Qe2 Rc5 29. Qa2 Qe7 30. Kh2 Qd7 31. Rfd1 Bf8 32. cxd5 Bxd5 33. Bxd5 Rxd5 34.
Rxd5 exd5 35. Kg3 Bxd6 36. exd6 Qf5 37. Re1 Qd3+ 38. Kh2 Qf5 39. g3 Rc8 40. Re2
a5 41. Qb2 Rb8 42. Re5 Qd3 43. d7 Kg7 44. Rxd5+ 1-0

[Event "12. Open Internacional Málaga"]
[Site "Malaga ESP"]
[Date "2009.07.18"]
[Round "9.45"]
[White "Ruiz Castillo, Francisco Jose"]
[Black "Ladron De Guevara Bravo, Fermin"]
[Result "1-0"]
[WhiteElo "1806"]
[BlackElo "1727"]
[PlyCount "81"]
[EventDate "2009.07.11"]
[EventType "swiss"]
[EventRounds "9"]
[EventCountry "ESP"]
[Source "lmi"]
[SourceDate "2009.07.11"]

1. d4 d5 2. c4 e6 3. Nc3 Be7 4. e4 Nf6 5. e5 Ne4 6. Nxe4 dxe4 7. f3 exf3 8.
Nxf3 O-O 9. Bd3 c5 10. O-O cxd4 11. Kh1 Nc6 12. Qe1 f6 13. Qg3 fxe5 14. Bg5 Bd7
15. Bxh7+ Kxh7 16. Bxe7 Qxe7 17. Ng5+ Kg8 18. Qh4 g6 19. Qh6 Qg7 20. Qh4 Ne7
21. Ne4 Rxf1+ 22. Rxf1 Rf8 23. Nf6+ Rxf6 24. Rxf6 Qh7 25. Qf2 Nf5 26. g4 Bc6+
27. Kg1 Qh6 28. h4 Qc1+ 29. Qf1 Qxf1+ 30. Kxf1 Ne3+ 31. Ke2 Nxg4 32. Rxg6+ Kh7
33. Rxg4 e4 34. b4 a6 35. Rg5 b5 36. c5 Bd5 37. Rxd5 exd5 38. c6 d3+ 39. Kd1 e3
40. c7 e2+ 41. Kd2 1-0